Catálogo

DIALOGOS SOCRATICOS (Registro nro. 34547)

Detalles MARC
000 -LEADER
fixed length control field 00487nam a2200181 a 4500
001 - CONTROL NUMBER
control field 34547
005 - DATE AND TIME OF LATEST TRANSACTION
control field 20180714002708.0
008 - FIXED-LENGTH DATA ELEMENTS--GENERAL INFORMATION
fixed length control field 140415s1972 000 0 spa d
041 ## - LANGUAGE CODE
Language code of text/sound track or separate title spa
082 ## - DEWEY DECIMAL CLASSIFICATION NUMBER
Classification number 800
Item number BIB
100 1# - MAIN ENTRY--PERSONAL NAME
Personal name Platón,.
245 10 - TITLE STATEMENT
Title DIALOGOS SOCRATICOS
260 ## - PUBLICATION, DISTRIBUTION, ETC.
Place of publication, distribution, etc. [s.l.] :
Name of publisher, distributor, etc. SALVAT EDITORES,
Date of publication, distribution, etc. 1972
300 ## - PHYSICAL DESCRIPTION
Extent 143
490 ## - SERIES STATEMENT
Series statement BIBLIOTECA GENERAL SALVAT
Volume/sequential designation 58
650 14 - SUBJECT ADDED ENTRY--TOPICAL TERM
Topical term or geographic name entry element FILOSOFIA CLASICA
General subdivision SOCRATICOS
700 1# - ADDED ENTRY--PERSONAL NAME
Personal name GARCIA CALVO, AGUSTIN
Relator term tr.
Existencias
Withdrawn status Lost status Source of classification or shelving scheme Damaged status Not for loan Collection code Home library Current library Shelving location Date acquired Source of acquisition Inventory number Total Checkouts Full call number Barcode Date last seen Date last checked out Price effective from Koha item type
    Dewey Decimal Classification     General Biblioteca Karol Wojtyla Biblioteca Karol Wojtyla Área de silencio 03/12/2013 Compra 151000000000000000031393 1 800 BIB 52302 05/01/2026 27/02/2023 03/12/2013 Libro